Paroles - Tout oublier - Angèle et Roméo Elvis - Statistiques

Statistiques générales
  • Ce quiz a été pris 1 709 fois
  • Le résultat moyen est 283 sur 359
Statistiques - réponses
* Paroles % Correct
oublie
98%
Oublie
98%
Tout,
98%
tout
98%
il
97%
la
96%
96%
là,
96%
Le
96%
le
96%
à
95%
faudrait
95%
je
94%
oublier
94%
pas
93%
pour
93%
Pour
93%
ce
92%
Ce
92%
de
91%
veux
89%
veux,
89%
y
89%
croire,
88%
si
88%
c'est
86%
C'est
86%
mode,
86%
plus
86%
bonheur
85%
bonheur,
85%
mais
85%
n'est
85%
On
85%
l'aurai
84%
j'ai
83%
joue,
83%
joué
83%
compliqué
82%
heureux
82%
heureux,
82%
que
82%
trop
81%
son
80%
d'être
79%
qui
79%
contraire
78%
contraire,
78%
sans
78%
es
77%
Angèle | Roméo Elvis N'existe
76%
n'existe
76%
tu
75%
spleen
72%
les
71%
une
71%
facile
70%
Et
69%
plaire,
69%
d'en
68%
des
68%
comme
67%
t'a
67%
Est-
66%
est
66%
trouver
66%
sentiments
63%
seul,
61%
seul
61%
pleine
60%
ça
59%
gens
59%
jeunesse
59%
lui
58%
peux
56%
avoir
54%
dansent
54%
rêvé
53%
semble
53%
après
52%
commence
52%
douter
52%
malaise
52%
délaissé,
51%
passé
51%
vraiment
51%
ressentir
50%
l'monde
49%
sens
49%
inconditionnel,
48%
s'est
48%
Essaye
47%
l'voulais,
47%
l'voulais
47%
s'rais
47%
d'oublier
46%
soldes
46%
Parfois
45%
j'me
44%
qu'il
44%
souvenir
44%
juste
43%
t'as
43%
trompée
43%
Enfin,
42%
envie ?
42%
perdu
42%
obligée
41%
qu'elle
41%
vieux
41%
t'avais
40%
l'ADSL
39%
simple :
38%
sois
36%
L'ennui
34%
blessé,
33%
toujours
33%
yeux,
26%
Ferme
25%
Aucun quiz correspondant
Distribution des résultats
% des personnes avec chaque résultat
Percentile par nombre de réponses
Votre historique - résultats
Vous n’avez pas pris ce quiz